| 000 | 00341cam a22001097a 4500 | ||
|---|---|---|---|
| 008 | 180718b1987 xxu||||| |||| 00| 0 eng d | ||
| 082 | _aV43x54 In2w | ||
| 245 |
_aWater resources of India _cby Central Water Commission, India |
||
| 260 |
_aNew Delhi _bCentral Water Commission _c1987 |
||
| 300 | _a38p. | ||
| 700 | _aIndia. Central Water Commission | ||
| 999 |
_c498396 _d498396 |
||